Clubs awarded with Ballon d'Or since 1956 - Statistics

General Stats
  • This quiz has been taken 67 times
  • The average score is 22 of 43
Answer Stats
Club # 1st # 2nd # 3rd Last award % Correct
FC Barcelona 12 13 10 2025
100%
Real Madrid 12 11 6 2024
98%
Bayern Munich 5 8 7 2022
97%
Manchester United 4 4 3 2008
95%
AC Milan 8 3 6 2007
92%
Borussia Dortmund 1 0 0 1996
92%
Inter Milan 2 6 3 1998
92%
Juventus 8 6 4 2019
92%
Liverpool FC 1 2 2 2019
90%
Paris Saint-Germain 2 0 3 2025
90%
Manchester City 1 1 1 2024
89%
Benfica 1 2 0 1966
82%
Chelsea 0 1 1 2021
82%
Ajax 1 0 3 1995
70%
Olympique de Marseille 1 0 0 1991
69%
Arsenal 0 1 1 2006
67%
Hamburger SV 2 1 1 1979
64%
Inter Miami 1 0 0 2023
61%
Dynamo Kiev 2 0 0 1986
56%
Tottenham Hotspur 0 0 1 1963
54%
Red Star Belgrade 0 2 1 1991
51%
Atlético Madrid 0 1 2 2018
48%
Borussia Mönchengladbach 1 1 0 1977
41%
RSC Anderlecht 0 1 1 1978
41%
Newcastle United 0 0 1 1996
38%
Ferencváros 1 0 0 1967
33%
Dynamo Moscow 1 0 0 1963
31%
Blackpool FC 1 0 0 1956
30%
Girondins de Bordeaux 0 2 0 1984
30%
Legia Warsaw 0 0 1 1974
28%
Celtic 0 0 1 1967
26%
West Ham United 0 1 0 1970
26%
1. FC Köln 0 0 1 1962
25%
Stade de Reims 0 1 1 1959
21%
Hellas Verona 0 1 1 1985
20%
Fulham 0 0 1 1961
16%
Dukla Prague 1 0 1 1976
13%
Cagliari Calcio 0 1 1 1970
11%
Wolverhampton Wanderers 0 1 0 1957
10%
AS Nancy-Lorraine 0 0 1 1977
5%
AS Saint-Étienne 0 0 1 1980
5%
Vejle BK 0 0 1 1983
5%
Rot-Weiss Essen 0 1 0 1958
2%
No matching quizzes found
Score Distribution
Percent of People with Each Score
Percentile by Number Answered
Your Score History
You have not taken this quiz